00795cam a2200229 a 450000100100000000500170001000800410002702000150006803500230008304000300010608200190013610000350015524500570019026000460024730000210029365000280031465000430034291000340038504900090041995201220042899900150055000000885420200929161426.0920413s1990 flu 000 f spa d a9583303437 a(OCoLC)ocm25636206 aDO-SdBNPcDLCdDLCdBNPHU aC863.44bC172p1 aCamargo Navas, Eduardo.92340910aPetróleo, sangre y selva /cEduardo Camargo Navas. aMiami, Florida, U.S.A. :bEmfasar,c1990. a375 p. ;c18 cm. 4aNovela colombiana91243 4aLiteratura colombianaySIGLO XX914409 aCatalogación por copia / LC aBNGR 001052708MOaGRbGRcCTd2009-09-18iLF1l0oC863.44 C172pp8854-10r2020-06-25w2020-06-25y2ZPréstamo interno c8623d8623